Les plus gros transferts du football - Nés en 1997 - Statistiques

Statistiques générales
  • Ce quiz a été pris 72 fois
  • Le résultat moyen est 8 sur 10
Statistiques - réponses
Montant de transfert (M €) Saison Nationalité Venant de Allant à Joueur % Correct
135,00 2017-2018 France Borussia Dortmund Barcelone Ousmane Dembélé
100%
86,00 2019-2020 Pays-Bas Ajax Barcelone Frenkie de Jong
97%
60,00 2023-2024 France RB Leipzig Chelsea Christopher Nkunku
91%
72,60 2020-2021 Portugal Benfica Manchester City Rúben Dias
88%
63,00 2019-2020 Serbie Eintracht Francfort Real Madrid Luka Jović
79%
58,00 2022-2023 Brésil FC Everton Tottenham Richarlison
73%
60,00 2023-2024 Brésil Zenti S-Pb Al-Hilal Malcom
67%
55,00 2023-2024 Portugal Wolverhampton Al-Hilal Rúben Neves
64%
58,50 2021-2022 Angleterre Brighton Arsenal Ben White
55%
55,00 2019-2020 Angleterre Crystal Palace Manchester United Aaron Wan-Bissaka
54%
Aucun quiz correspondant
Distribution des résultats
% des personnes avec chaque résultat
Percentile par nombre de réponses
Votre historique - résultats
Vous n’avez pas pris ce quiz